000
00237nam a2200097Ia 4500
008
220204s9999 xx 000 0 und d
082
_a
82-7
_b
JAF
100
_a
Jaffee, Al
245
0
_a
Mad book of magic and other dirty tricks
942
_c
BK
999
_c
35749
_d
35749